| 000 | 01793nam a2200229Ia 4500 | ||
|---|---|---|---|
| 008 | 260220t2008||||xx |||||||||||||| ||spa|| | ||
| 040 |
_aPY-SlUNAC _bspa _erda |
||
| 041 | _aspa | ||
| 082 |
_a333.7 _bP692p |
||
| 245 | 0 | _aPlan de ordenamiento ambiental del territorio Dpto. de presidente Hayes | |
| 264 |
_aAsunción : _bServisur, _c℗2008. |
||
| 300 | _a1 volumen | ||
| 520 | _aEl "Plan de ordenamiento ambiental del territorio del Departamento de Presidente Hayes" es un documento que aborda la gestión sostenible de los recursos naturales y el desarrollo territorial en esta región de Paraguay. Publicado por Servisur en 2008, el plan analiza las características geográficas, ecológicas y socioeconómicas del departamento, identificando las principales problemáticas ambientales y proponiendo estrategias de manejo y conservación. Se destaca la importancia de la participación comunitaria y la integración de políticas públicas para alcanzar un equilibrio entre el desarrollo económico y la preservación del medio ambiente. Asimismo, el documento propone la delimitación de áreas prioritarias para la conservación y el uso sostenible, así como la implementación de proyectos que fomenten el desarrollo local. A través de un enfoque multidisciplinario, el plan busca promover un ordenamiento territorial que responda a las necesidades de la población, garantizando un uso responsable de los recursos y contribuyendo al bienestar de las generaciones futuras en Presidente Hayes. | ||
| 653 | _aDesarrollo sostenible | ||
| 653 | _aOrdenamiento territorial | ||
| 653 | _aPlanificación ambiental | ||
| 942 |
_b2026/02/17 _cBK |
||
| 999 |
_c7087 _d7087 |
||